| 000 | 01198nam a2200229Ia 4500 | ||
|---|---|---|---|
| 001 | L840-49624 | ||
| 003 | IT-CnALBA | ||
| 008 | 170116s9999||||xx |||||||||||||| ||und|| | ||
| 040 |
_aIT-CnALBA _cIT-CnALBA |
||
| 041 | _aITALIANO | ||
| 100 | _aMALAVASI MARIA ANTONIETTA | ||
| 245 | 0 | _aANCORA UNA VOLTA. ROMANZO. | |
| 250 | _a1a ed. | ||
| 260 |
_aFIRENZE _bL'AUTORE LIBRI _c1996 [1° Ed.:1996 - Ed.Ling.Originale: 1996] |
||
| 300 | _a165 p. | ||
| 500 | _aFAVOLA PER BAMBINI MAI NATI. STORIA DI INTRECCIO REALTÀ, VISIONE ONIRICA, IMMAGINARIO FIABESCO. RIMPIANTO DI OGNI BIMBO MAI NATO. DRAMMA DI BIMBI VITTIME DI UN AMORE NEGATO. SOGNO E FAVOLA ATTRAVERSO IL FANTASTICO VIAGGIO DI DUE PICCOLI PROTAGONISTI. TITT | ||
| 501 | _aSocietà San Paolo EM - Piazza San Paolo, 14 - 12051 ALBA (CN) (non commercial uses only) ® Copyright 2017 | ||
| 520 | _aFAVOLA PER BAMBINI MAI NATI. STORIA DI INTRECCIO REALTÀ, VISIONE ONIRICA, IMMAGINARIO FIABESCO. RIMPIANTO DI OGNI BIMBO MAI NATO. DRAMMA DI BIMBI VITTIME DI UN AMORE NEGATO. SOGNO E FAVOLA ATTRAVERSO IL FANTASTICO VIAGGIO DI DUE PICCOLI PROTAGONISTI. TITT | ||
| 650 | _aLETTERATURA FRANCESE E ALTRE | ||
| 942 | _cBK | ||
| 957 | _71 | ||
| 999 |
_a56149 _bNO _g Copie: 1 _c308538 _d308538 |
||